000
00344nam a2200145Ia 4500
005
20250509071219.0
008
240331s9999 xx 000 0 und d
082
_b
RAJ
_a
894
100
_a
Rajadurai, A
245
0
_a
Iru pakkangal
260
_a
Colombo
_b
Kurinchi Veliyidu
_c
1992
300
_a
98 p .,
650
_a
Kavithai Thoguppu
942
_c
L
999
_c
4295
_d
4295